[Event "NSV Open-ch Rapid 2019"]
[Site "Lueneburg"]
[Date "2019.08.03"]
[Round "5.20"]
[White "Doederlein, Etienne"]
[Black "Kueck, Alexander"]
[Result "1-0"]
[WhiteElo "1868"]
[BlackElo "1374"]
[Annotator "NA RC"]
[PlyCount "71"]
[EventDate "2019.08.03"]
[EventType "swiss"]
[EventCountry "GER"]
[SourceTitle "playchess.com"]
[Source "ChessBase"]
[SourceQuality "1"]
[TimeControl "600+5"]

1. b3 {[%emt 0:01:06]} e5 {[%emt 0:00:00]} 2. Bb2 {[%emt 0:00:01]} Nc6 {[%emt 0:00:02]} 3. e3 {[%emt 0:00:02]} d5 {[%emt 0:00:01]} 4. Bb5 {[%emt 0:00:01]} Bd6 {[%emt 0:00:15]} 5. f4 {[%emt 0:00:52]} Qe7 {[%emt 0:00:41]} 6. Nf3 {[%emt 0:02:26]} f6 {[%emt 0:00:10]} 7. fxe5 {[%emt 0:00:25]} fxe5 {[%emt 0:00:21]} 8. O-O {[%emt 0:00:19]} Bd7 {[%emt 0:00:09]} 9. Nc3 {[%emt 0:00:16]} Nf6 {[%emt 0:00:07]} 10. d3 {[%emt 0:01:10]} e4 {[%emt 0:00:33]} 11. dxe4 {[%emt 0:00:06]} dxe4 {[%emt 0:00:21]} 12. Bxc6 {[%emt 0:00:28]} Bxc6 {[%emt 0:00:26]} 13. Nd4 {[%emt 0:00:01]} Qe5 {[%emt 0:00:29]} 14. g3 {[%emt 0:00:14]} Bd7 {[%emt 0:00:20]} 15. a4 {[%emt 0:00:54]} Ng4 {[%emt 0:00:23]} 16. Qe2 {[%emt 0:00:01]} O-O-O {[%emt 0:00:23]} 17. Ncb5 {[%emt 0:00:07]} Kb8 {[%emt 0:01:18]} 18. Nxd6 {[%emt 0:00:09]} cxd6 {[%emt 0:00:31]} 19. c4 {[%emt 0:00:31]} Qe8 {[%emt 0:01:29]} 20. Rad1 {[%emt 0:00:39]} Bc6 {[%emt 0:00:19]} 21. Qxg4 {[%emt 0:00:14]} Rg8 {[%emt 0:00:22]} 22. Qe6 {[%emt 0:00:15]} Qh5 {[%emt 0:03:10]} 23. Nxc6+ {[%emt 0:00:03]} bxc6 {[%emt 0:00:07]} 24. Rxd6 {[%emt 0:00:19]} Rde8 {[%emt 0:00:18]} 25. Qf5 {[%emt 0:01:26]} Qh6 {[%emt 0:00:13]} 26. Rxh6 {[%emt 0:00:05]} gxh6 {[%emt 0:01:35]} 27. Be5+ {[%emt 0:00:14]} Ka8 {[%emt 0:00:12]} 28. Qxe4 {[%emt 0:00:08]} Rc8 {[%emt 0:00:11]} 29. Rf6 {[%emt 0:00:10]} Kb7 {[%emt 0:00:17]} 30. Qxh7+ {[%emt 0:00:12]} Ka8 {[%emt 0:00:12]} 31. Qxh6 {[%emt 0:00:08]} Rcd8 {[%emt 0:01:04]} 32. Rxc6 {[%emt 0:00:20]} Rd1+ {[%emt 0:00:03]} 33. Kg2 {[%emt 0:00:04]} Rd2+ {[%emt 0:00:03]} 34. Kh3 {[%emt 0:00:03]} Rdd8 {[%emt 0:00:20]} 35. Rg6 {[%emt 0:00:14]} Rh8 {[%emt 0:00:06]} 36. Bxh8 {[%emt 0:00:01]} 1-0

[Event "NSV Open-ch Rapid 2019"]
[Site "Lueneburg"]
[Date "2019.08.03"]
[Round "5.21"]
[White "Mundt, Alexandra"]
[Black "Britsch, Benjamin"]
[Result "1-0"]
[WhiteElo "1756"]
[BlackElo "1835"]
[Annotator "NA RC"]
[PlyCount "59"]
[EventDate "2019.08.03"]
[EventType "swiss"]
[EventCountry "GER"]
[SourceTitle "playchess.com"]
[Source "ChessBase"]
[SourceQuality "1"]
[TimeControl "600+5"]

1. e4 {[%emt 0:00:00]} e6 {[%emt 0:00:00]} 2. d4 {[%emt 0:00:00]} d5 {[%emt 0:00:00]} 3. Nd2 {[%emt 0:00:01]} dxe4 {[%emt 0:00:00]} 4. Nxe4 {[%emt 0:00:03]} Bd7 {[%emt 0:00:00]} 5. Nf3 {[%emt 0:00:07]} Bc6 {[%emt 0:00:00]} 6. Ng3 {[%emt 0:00:03]} Qf6 {[%emt 0:00:16]} 7. Be2 {[%emt 0:00:05]} h6 {[%emt 0:00:05]} 8. O-O {[%emt 0:00:07]} Nd7 {[%emt 0:00:07]} 9. Re1 {[%emt 0:00:15]} O-O-O {[%emt 0:00:07]} 10. Be3 {[%emt 0:00:15]} Nb6 {[%emt 0:00:12]} 11. Qd2 {[%emt 0:00:18]} Nd5 {[%emt 0:00:15]} 12. Qa5 {[%emt 0:00:13]} Nxe3 {[%emt 0:00:16]} 13. fxe3 {[%emt 0:00:02]} Kb8 {[%emt 0:00:13]} 14. Ne5 {[%emt 0:00:22]} Ne7 {[%emt 0:01:20]} 15. Rf1 {[%emt 0:00:16]} Qg5 {[%emt 0:00:46]} 16. Nxc6+ {[%emt 0:00:02]} Nxc6 {[%emt 0:00:06]} 17. Qxg5 {[%emt 0:00:01]} hxg5 {[%emt 0:00:02]} 18. Rxf7 {[%emt 0:00:02]} e5 {[%emt 0:07:45]} 19. c3 {[%emt 0:00:14]} exd4 {[%emt 0:00:00]} 20. exd4 {[%emt 0:00:02]} Rh6 {[%emt 0:00:10]} 21. Raf1 {[%emt 0:01:25]} Bd6 {[%emt 0:00:00]} 22. Nf5 {[%emt 0:00:08]} Bxh2+ {[%emt 0:00:00]} 23. Kf2 {[%emt 0:00:01]} Rf6 {[%emt 0:00:00]} 24. Rxf6 {[%emt 0:00:11]} gxf6 {[%emt 0:00:00]} 25. g3 {[%emt 0:00:01]} Re8 {[%emt 0:00:00]} 26. Bb5 {[%emt 0:01:51]} Re6 {[%emt 0:00:00]} 27. Rh1 {[%emt 0:00:13]} Bxg3+ {[%emt 0:00:00]} 28. Kxg3 {[%emt 0:00:02]} Ne7 {[%emt 0:00:00]} 29. Rh8+ {[%emt 0:00:04]} Nc8 {[%emt 0:00:00]} 30. Bd7 {[%emt 0:00:02]} 1-0

[Event "NSV Open-ch Rapid 2019"]
[Site "Lueneburg"]
[Date "2019.08.03"]
[Round "5.22"]
[White "Weidenhoefer, Max"]
[Black "Rick, Niklas Corvin"]
[Result "1-0"]
[WhiteElo "1805"]
[BlackElo "1444"]
[Annotator "NA RC"]
[PlyCount "53"]
[EventDate "2019.08.03"]
[EventType "swiss"]
[EventCountry "GER"]
[SourceTitle "playchess.com"]
[Source "ChessBase"]
[SourceQuality "1"]
[TimeControl "600+5"]

1. e4 {[%emt 0:00:00]} d5 {[%emt 0:00:00]} 2. exd5 {[%emt 0:00:05]} Nf6 {[%emt 0:00:05]} 3. c4 {[%emt 0:00:05]} c6 {[%emt 0:00:05]} 4. d4 {[%emt 0:00:05]} cxd5 {[%emt 0:00:05]} 5. Nc3 {[%emt 0:00:05]} Bf5 {[%emt 0:00:05]} 6. Nf3 {[%emt 0:00:20]} e6 {[%emt 0:00:13]} 7. c5 {[%emt 0:00:10]} Nc6 {[%emt 0:00:11]} 8. Bf4 {[%emt 0:00:08]} Be7 {[%emt 0:00:45]} 9. Bb5 {[%emt 0:00:10]} O-O {[%emt 0:00:06]} 10. Bxc6 {[%emt 0:00:13]} bxc6 {[%emt 0:00:02]} 11. O-O {[%emt 0:00:10]} Qd7 {[%emt 0:00:29]} 12. Ne5 {[%emt 0:00:09]} Qb7 {[%emt 0:00:11]} 13. Qd2 {[%emt 0:00:21]} Rfd8 {[%emt 0:00:57]} 14. a3 {[%emt 0:00:10]} a5 {[%emt 0:00:04]} 15. Na4 {[%emt 0:00:21]} Ne4 {[%emt 0:00:11]} 16. Qe2 {[%emt 0:00:21]} Qb5 {[%emt 0:00:46]} 17. Qxb5 {[%emt 0:00:21]} cxb5 {[%emt 0:00:02]} 18. Nb6 {[%emt 0:00:18]} Ra6 {[%emt 0:07:13]} 19. Nc6 {[%emt 0:00:17]} Re8 {[%emt 0:00:00]} 20. Nxe7+ {[%emt 0:00:10]} Rxe7 {[%emt 0:00:00]} 21. f3 {[%emt 0:00:12]} Nf6 {[%emt 0:00:00]} 22. Bg5 {[%emt 0:00:33]} Rc7 {[%emt 0:00:00]} 23. Bxf6 {[%emt 0:00:46]} gxf6 {[%emt 0:00:00]} 24. Rac1 {[%emt 0:00:16]} e5 {[%emt 0:00:00]} 25. dxe5 {[%emt 0:00:43]} fxe5 {[%emt 0:00:00]} 26. Nxd5 {[%emt 0:00:02]} Rc8 {[%emt 0:00:00]} 27. Ne7+ {[%emt 0:00:03]} 1-0

[Event "NSV Open-ch Rapid 2019"]
[Site "Lueneburg"]
[Date "2019.08.04"]
[Round "6.1"]
[White "Priebe, Jan"]
[Black "Lubbe, Nikolas"]
[Result "1-0"]
[WhiteElo "2204"]
[BlackElo "2431"]
[Annotator "TA"]
[PlyCount "59"]
[EventDate "2019.08.03"]
[EventType "swiss"]
[EventCountry "GER"]
[SourceTitle "playchess.com"]
[Source "ChessBase"]
[SourceQuality "1"]

{[%evp 17,67,8,14,-43,0,0,0,16,20,0,23,0,16,-52,-55,-38,-31,-120,62,54,74,64,58,43,80,-15,-6,-259,-277,-270,-279,-333,-342,-319,461,-359,731,716,700,688,655,336,991,352,1210,1154,29995,29996,29996,29997,29998,29999]} 1. e4 c5 2. Nf3 Nc6 3. d4 cxd4 4. Nxd4 Nf6 5. Nc3 d6 6. Bc4 Qb6 7. Nb3 e6 8. Be3 Qc7 9. f4 a6 10. g4 {B57: Classical Sicilian: Sozin with 6...Qb6} (10. Bd3 $11) 10... b5 (10... d5 $5 11. exd5 Nb4 $11) 11. Bd3 Bb7 12. g5 {The position is equal.} Nd7 13. Qe2 Be7 14. h4 Nc5 {[#]} 15. Rh3 $146 (15. a3 $11) ({Predecessor:} 15. Qf2 Nb4 16. Nxc5 dxc5 {0-1 (34) Baron,T (2532)-Kobo,O (2494) Maalot Tarshiha 2018}) 15... Nxd3+ 16. cxd3 Qd7 17. O-O-O {[#]} (17. h5 $15) 17... Nb4 $2 ({Better is} 17... a5 $1 $17 {aiming for ...a4.} 18. Nxb5 a4) 18. Kb1 Rc8 19. Rh2 O-O 20. h5 d5 21. Bd4 (21. a3 $16) 21... Nc6 $1 $11 {[%cal Rc6d4]} 22. g6 $2 {[%mdl 8192]} (22. Qe3 $11) 22... Nxd4 $19 (22... fxg6 23. hxg6 Nxd4 24. Nxd4 $11) 23. Nxd4 b4 ({Weaker is} 23... fxg6 24. hxg6 h6 25. Qg4 $15) 24. h6 fxg6 ({Inferior is} 24... hxg6 25. Rdh1 $11) 25. hxg7 Kxg7 $4 {[%mdl 8192]} (25... Rxf4 $19 26. Qe3 Rh4 27. Rxh4 Bxh4) 26. Na4 $4 {[%mdl 8192]} (26. Rdh1 $18 {and life is good for White.} Rh8 27. Qg4 (27. exd5 bxc3 28. Qe5+ Bf6 $11)) 26... Rxf4 $4 {[%mdl 8192]} ({Not} 26... Qxa4 27. Rdh1 $15) (26... dxe4 $19 27. dxe4 Qxa4) 27. Nb6 $1 $18 {[%csl LRc8,LRd7][%mdl 64] Double Attack} Qd6 28. Nxc8 Bxc8 29. Rdh1 h5 $2 {[#]} (29... dxe4 30. Rxh7+ Kf8) 30. e5 {Played: Rh2xh5} 1-0

[Event "NSV Open-ch Rapid 2019"]
[Site "Lueneburg"]
[Date "2019.08.04"]
[Round "6.2"]
[White "Buchenau, Frank"]
[Black "Vorobiov, Evgeny E."]
[Result "0-1"]
[WhiteElo "2294"]
[BlackElo "2578"]
[Annotator "TA"]
[PlyCount "62"]
[EventDate "2019.08.03"]
[EventType "swiss"]
[EventCountry "GER"]
[SourceTitle "playchess.com"]
[Source "ChessBase"]
[SourceQuality "1"]

{[%evp 9,62,29,31,35,31,27,24,0,2,5,10,-4,-2,-35,-41,-45,-37,-41,-39,-48,-27,-22,-29,-27,-29,-35,-27,-38,-29,-37,-39,-60,-43,-48,-50,-150,-146,-1059,-858,-1099,-1107,-895,-596,-1125,-1120,-1037,-1016,-1204,-1206,-1213,-1164,-29977,-29978,-29978,-29979]} 1. e4 c5 2. Nf3 Nc6 3. Bb5 Nf6 4. Bxc6 dxc6 5. d3 Bg4 (5... Nd7 6. e5 Nb6 7. Nbd2 Bf5 8. Qe2 e6 9. h3 Be7 10. Ne4 h6 11. O-O a5 12. Be3 Nd7 {½-½ (29) Amin,B (2684)-Rapport,R (2719) Abu Dhabi 2018}) 6. h3 {B30: Sicilian: 2...Nc6 3 Bb5, lines without ...g6} Bh5 7. g4 Bg6 8. Ne5 {White has an edge.} (8. Nc3 {is more complex.} Qc7 9. Nh4 e5 10. Qf3 Be7 11. Be3) 8... Nd7 $1 9. Nxg6 hxg6 10. Nd2 $146 ({Predecessor:} 10. Be3 e5 11. Nd2 Qc7 12. Nc4 Nb6 {½-½ (30) Van den Doel,E (2567)-Reinderman,D (2537) Netherlands 2008}) 10... e5 11. Kf1 Be7 12. Kg2 Bg5 13. Nc4 Bxc1 14. Qxc1 Qe7 15. f4 b5 16. Nxe5 Nxe5 17. fxe5 Qxe5 18. Qe3 O-O 19. c3 Rad8 20. Rad1 b4 21. d4 Qe6 22. dxc5 ({White should try} 22. cxb4 $1 $15 cxb4 23. b3) 22... Qxa2 $17 23. Rd2 $2 {[%mdl 8192] [#]} (23. Qf2 $17) 23... bxc3 24. Qxc3 Rxd2+ 25. Qxd2 $19 {[%mdl 4096] Endgame KQR-KQR} Rb8 26. Kg3 Rb3+ 27. Kf4 f6 28. h4 Rxb2 29. Qd8+ Kh7 {[#] ( -> ...Rb3)} 30. Rh3 Rf2+ 31. Rf3 Qe2 {Accuracy: White = 23%, Black = 84%.} 0-1

[Event "NSV Open-ch Rapid 2019"]
[Site "Lueneburg"]
[Date "2019.08.04"]
[Round "6.3"]
[White "Schneider, Ilja"]
[Black "Kahlert, Thomas"]
[Result "1/2-1/2"]
[WhiteElo "2494"]
[BlackElo "2152"]
[Annotator "TA"]
[PlyCount "195"]
[EventDate "2019.08.03"]
[EventType "swiss"]
[EventCountry "GER"]
[SourceTitle "playchess.com"]
[Source "ChessBase"]
[SourceQuality "1"]

{[%evp 22,195,40,34,30,0,48,45,86,89,95,43,61,39,53,52,60,32,47,64,42,48,95,37,66,57,54,17,90,93,98,95,224,217,204,9,136,-9,173,164,208,141,153,121,207,202,189,170,244,114,111,98,101,0,0,-21,-21,-21,-21,-40,0,-200,-196,-202,-183,-199,-200,-210,-208,-207,-196,-234,-218,-205,-208,-195,-181,-307,-166,-341,-341,-523,-495,-531,-531,-524,-504,-502,-495,-480,-454,-475,-462,-429,-357,-584,-584,-29952,-8,-17,-8,-29949,-8,-29953,-29954,-29954,-29955,-29958,-29959,-29958,-29960,-29962,-29961,-29961,-29963,-29968,-29970,-29969,-29969,-29983,-29971,-29970,-29972,-29971,-29970,-29971,-29971,-29971,-29973,-29971,-29974,-29978,-29976,-29975,-29972,-29969,0,-29975,0,-29975,-29976,-29976,-29977,-29982,-29973,-29976,-29977,-29977,-29978,-29978,-29979,-29980,-29979,-29981,-29979,-29975,-29976,-29977,-29977,-29977,-29977,-29978,-29975,-29976,0,-29978,-29977,-29978,-29974,-29974,-29976,-29978,-29979,-29979,-29980,-29980]} 1. d4 Nf6 2. Bg5 d5 3. e3 Nbd7 4. Bd3 e6 5. Nf3 Be7 6. O-O O-O 7. c4 c6 8. Nc3 a6 9. Qc2 h6 10. Bh4 dxc4 11. Bxc4 b5 12. Be2 c5 {D61: Queen's Gambit Declined: Classical: 7 Qc2} (12... Bb7 13. Rfd1 {½-½ (13) Khalifman,A (2611)-Grachev,B (2669) Minsk 2014}) 13. Rfd1 Qb6 14. a4 $146 {[%cal Ra4b5,Ba2a4,Ba4a5][%mdl 32]} ({Predecessor:} 14. d5 exd5 15. Nxd5 Nxd5 16. Rxd5 Bxh4 17. Nxh4 c4 18. Bf3 Rb8 19. Rad1 Nf6 20. Rd6 {1-0 (60) Bartosek,M-Gillar,J Mnichov Hradist 1933}) 14... b4 {White is slightly better.} 15. a5 Qa7 16. Ne4 (16. Na4 $16) 16... g5 17. Nxf6+ Nxf6 18. Bg3 Bb7 $1 19. dxc5 {Hoping for c6.} (19. Ne5 {is more complex.} Be4 20. Bd3 Bxd3 21. Qxd3 Qb7 22. dxc5 Bxc5 23. Nc4) 19... Qxc5 20. Qxc5 Bxc5 21. Be5 $36 {[%mdl 2048] White has the initiative.} Be7 22. h4 (22. Bd6 $1 $16 {[%cal Rd6e7]} Bxd6 23. Rxd6) 22... Rac8 23. hxg5 hxg5 24. Nxg5 Rc2 (24... Rc5 $11 {keeps the balance.} 25. Bxa6 Bxa6 26. Bxf6 Bxf6) 25. Bd3 $16 Rc5 26. f4 Rxe5 (26... Rcc8 $16) 27. fxe5 $18 Ng4 28. Nf3 $2 ({White should try} 28. Be4 $18) 28... Nxe3 (28... Bc5 $1 $11) 29. Re1 (29. Rdc1 $1 $16 {[%cal Rc1c7] Rc7 is the strong threat.} Nd5 30. Rc4) 29... Nd5 $2 (29... Rd8 $11 30. Bb1 (30. Rxe3 Bc5 $15) 30... Bc5) 30. Re4 {White wants to mate with Rg4+.} Rc8 31. Rc4 Bc5+ 32. Kh2 Kg7 (32... Ne3 $16) 33. Rg4+ Kf8 34. Rc1 Ke7 (34... Be7 $142 35. Rxc8+ Bxc8) 35. Rgc4 (35. Rh4 $18) 35... Rh8+ $16 36. Kg3 Rg8+ 37. Kh3 (37. Rg4 $1 $16 {[%cal Rg4g8]} Bf2+ 38. Kh3 Rh8+ 39. Nh4) 37... Be3 $1 $11 {[%cal Re3c1]} 38. Rc7+ Kd8 $1 39. Rxb7 Nf4+ {[%mdl 64] Double Attack} 40. Kh2 Rh8+ 41. Nh4 $2 (41. Kg3 $11 {and White is okay.} Rg8+ 42. Kh2 Rxg2+ 43. Kh1 Bxc1 44. Bxa6) 41... Rxh4+ $19 ({Weaker is} 41... Bxc1 42. Rb8+ Kc7 43. Rxh8 $11) 42. Kg3 Bxc1 43. Kxh4 Nxd3 44. b3 Nxe5 45. Rxb4 Kc7 46. Rb6 Nc6 {aiming for ...Be3.} 47. Rxa6 Bd2 48. Ra8 Bxa5 49. Kg5 (49. g4 $142) 49... Bc3 (49... f5 $142 50. g4 fxg4 51. Kxg4 Kd6) 50. Rf8 $2 (50. g4 {was necessary.}) 50... f5 51. g4 (51. Ra8 {might work better.}) 51... fxg4 52. Kxg4 Kd6 $1 53. Kf4 Kd5 54. Ke3 Bd4+ 55. Kd2 e5 56. Rh8 e4 57. Rh5+ Ne5 58. b4 $2 (58. Rh7 Bc5 59. Rc7) 58... Kc4 59. b5 {[#]} e3+ $2 (59... Nf3+ $1 60. Ke2 Ng1+ 61. Kd1 e3 62. Rh2 Kd3 63. b6 e2+ 64. Rxe2 Nxe2 65. b7 Be5 66. Ke1 Bg3+ 67. Kf1 Nd4 68. Kg2 Bb8 69. Kg1 Ke4 70. Kf1 Nc6 71. Kf2 Bd6 72. Kg2 Kd4 73. Kf3 Nd8 74. Kf2 Ke4 75. Kg1 Nxb7 76. Kf2 Be5 77. Kf1 Kf3 78. Kg1 Bb8 79. Kh1 Kg3 80. Kg1 Be5 81. Kf1 Kf3 82. Ke1 Nc5 83. Kf1 Bd4 84. Ke1 Ne4 85. Kf1 Nd2+ 86. Ke1 Ke3 87. Kd1 Bf6 88. Ke1 Be7 89. Kd1 Kd3 90. Ke1 Bh4+ 91. Kd1 Nc4 92. Kc1 Be1 93. Kd1 Bc3 94. Kc1 Bd2+ 95. Kb1 Kc3 96. Ka2 Kc2 97. Ka1 Kb3 98. Kb1 Na3+ 99. Ka1 Bc3#) 60. Ke2 $11 Nd3 {( -> ...Nf4+)} 61. Rh1 $2 {[%mdl 8192]} (61. Rh4 $11) 61... Bb6 $2 (61... Nf4+ 62. Kf3 Nd5 63. Rh4 Kd3 64. Rg4 Nb6 65. Rg1 Nc4 66. Re1 Nd2+ 67. Kf4 e2 68. Kg3 Ke3 69. Rc1 Ne4+ 70. Kh4 Kd2 71. Rb1 Nc3 72. Rh1 Nxb5 73. Kg4 Nd6 74. Kh4 Ne4 75. Rb1 Kc2 76. Rh1 Nd2 77. Kg5 Nf1 78. Rh3 e1=Q 79. Rf3 Qe7+ 80. Kh6 Qh4+ 81. Kg6 Qg4+ 82. Kf7 Qxf3+ 83. Ke6 Qc6+ 84. Ke7 Qd5 85. Ke8 Qe6+ 86. Kf8 Qd7 87. Kg8 Qg7#) 62. Rd1 $2 {[%mdl 8192]} (62. Rh6 $11) 62... Nf4+ 63. Kf3 Nd5 64. Rb1 {[#]} Nc3 $1 {[%csl LRb1,LRb5]} 65. Re1 Kd3 66. Kf4 e2 67. Ke5 Nxb5 68. Kd5 Bf2 69. Rxe2 Kxe2 70. Kc4 Nd4 71. Kd5 Kd3 72. Ke5 Nc2 73. Kd5 Bd4 74. Kc6 Kc4 75. Kd6 Ne3 76. Ke6 Bc3 77. Kd6 Nf5+ 78. Ke6 Ne3 79. Kd6 Bd4 $2 (79... Kb5 80. Kc7 Be5+ 81. Kb7 Nf5 82. Ka7 Nd6 83. Ka8 Kb6 84. Kb8 Ne8+ 85. Ka8 Ba1 86. Kb8 Be5+ 87. Ka8 Nc7+ 88. Kb8 Kc6 89. Kc8 Bf6 90. Kb8 Na6+ 91. Ka7 Nc5 92. Kb8 Nd7+ 93. Ka8 Bg7 94. Ka7 Bd4+ 95. Ka8 Be5 96. Ka7 Nb6 97. Ka6 Nc4 98. Ka7 Bc3 99. Kb8 Nb6 100. Ka7 Nc4 101. Ka6 Be5 102. Ka7 Bc7 103. Ka8 Be5 104. Ka7) 80. Kc6 $2 {[%mdl 8192]} (80. Ke6 $11 Kc5 81. Ke7) 80... Be5 81. Kb6 Kd5 82. Kb5 Bc3 83. Kb6 Nc4+ 84. Kc7 Be5+ 85. Kb7 Kc5 86. Ka6 Kc6 87. Ka7 Bc3 88. Kb8 Na5 89. Ka7 Nb7 90. Kb8 Bd4 91. Ka8 Nc5 92. Ka7 Nb7+ $2 (92... Be3 {mates} 93. Kb8 Bd2 94. Ka7 Bf4 95. Ka8 Ne6 96. Ka7 Nc5 97. Ka8 Ne6 98. Ka7 Nc7 99. Kb8 Ne6+ 100. Kc8 Bd2 101. Kb8 Nc5 102. Ka7 Bf4) 93. Kb8 $2 {[%mdl 8192]} (93. Ka8 $11 Bb6 94. Kb8) 93... Bb6 {Black mates.} 94. Ka8 Nc5 95. Kb8 Na6+ 96. Ka8 Bc7 97. Ka7 Nc5 98. Ka8 {[%mdl 32768] Accuracy: White = 30%, Black = 39%. . An unexpected result.} 1/2-1/2

[Event "NSV Open-ch Rapid 2019"]
[Site "Lueneburg"]
[Date "2019.08.04"]
[Round "6.4"]
[White "Kotyk, Michael"]
[Black "Toepper, Olaf"]
[Result "1-0"]
[WhiteElo "1998"]
[BlackElo "1896"]
[Annotator "NA RC"]
[PlyCount "95"]
[EventDate "2019.08.03"]
[EventType "swiss"]
[EventCountry "GER"]
[SourceTitle "playchess.com"]
[Source "ChessBase"]
[SourceQuality "1"]
[TimeControl "600+5"]

1. Nf3 {[%emt 0:00:01]} Nf6 {[%emt 0:10:05]} 2. b3 g6 {[%emt 0:00:00]} 3. Bb2 {[%emt 0:00:01]} Bg7 4. g3 O-O {[%emt 0:00:15]} 5. Bg2 d5 {[%emt 0:00:00]} 6. O-O {[%emt 0:00:09]} c5 {[%emt 0:00:00]} 7. e3 {[%emt 0:00:03]} Nc6 {[%emt 0:00:00]} 8. d4 {[%emt 0:00:22]} cxd4 {[%emt 0:00:00]} 9. Nxd4 {[%emt 0:00:03]} Nxd4 {[%emt 0:00:00]} 10. Bxd4 {[%emt 0:00:05]} Bf5 {[%emt 0:00:00]} 11. Nd2 {[%emt 0:00:41]} Rc8 {[%emt 0:00:00]} 12. c4 {[%emt 0:00:21]} dxc4 {[%emt 0:00:00]} 13. Nxc4 {[%emt 0:00:04]} b5 {[%emt 0:00:00]} 14. Ne5 {[%emt 0:00:11]} Ne4 {[%emt 0:00:00]} 15. g4 {[%emt 0:00:31]} Bxe5 {[%emt 0:00:00]} 16. Bxe5 {[%emt 0:00:06]} f6 {[%emt 0:00:00]} 17. Bf4 {[%emt 0:03:22]} Nd2 {[%emt 0:00:00]} 18. gxf5 {[%emt 0:00:09]} Nxf1 {[%emt 0:00:00]} 19. Qd5+ {[%emt 0:00:22]} Kh8 {[%emt 0:00:00]} 20. Rxf1 {[%emt 0:00:03]} Qe8 {[%emt 0:00:00]} 21. fxg6 {[%emt 0:00:58]} Qxg6 {[%emt 0:00:00]} 22. Kh1 {[%emt 0:00:13]} Rcd8 {[%emt 0:00:00]} 23. Qe6 {[%emt 0:00:11]} Rg8 {[%emt 0:00:00]} 24. Be4 {[%emt 0:00:18]} Qg7 {[%emt 0:00:00]} 25. Bg3 {[%emt 0:00:02]} Rd2 {[%emt 0:00:00]} 26. a4 {[%emt 0:00:04]} bxa4 {[%emt 0:00:00]} 27. bxa4 {[%emt 0:00:01]} Rgd8 {[%emt 0:00:00]} 28. Kg2 {[%emt 0:00:17]} R8d6 {[%emt 0:00:00]} 29. Qc8+ {[%emt 0:00:14]} Rd8 {[%emt 0:00:00]} 30. Qf5 {[%emt 0:00:36]} Qf7 {[%emt 0:00:00]} 31. Rc1 {[%emt 0:00:55]} Rg8 {[%emt 0:00:00]} 32. Rc7 {[%emt 0:00:13]} a6 {[%emt 0:00:27]} 33. Ra7 {[%emt 0:00:21]} Rd6 {[%emt 0:00:14]} 34. Kf3 {[%emt 0:00:15]} Rdd8 {[%emt 0:00:31]} 35. Rxa6 {[%emt 0:00:08]} Rg5 {[%emt 0:00:01]} 36. Qh3 {[%emt 0:00:16]} Rh5 {[%emt 0:00:17]} 37. Qf1 {[%emt 0:00:07]} Rc5 {[%emt 0:00:19]} 38. Kg2 {[%emt 0:00:04]} Rg8 {[%emt 0:00:12]} 39. Qd3 {[%emt 0:00:13]} h5 {[%emt 0:00:13]} 40. h4 {[%emt 0:00:25]} Rcc8 {[%emt 0:00:23]} 41. Bf5 {[%emt 0:00:05]} Rcd8 {[%emt 0:00:03]} 42. Qe4 {[%emt 0:00:01]} Rd2 {[%emt 0:00:10]} 43. Be6 {[%emt 0:00:08]} Qg7 {[%emt 0:00:10]} 44. Bxg8 {[%emt 0:00:03]} Qxg8 {[%emt 0:00:01]} 45. Ra5 {[%emt 0:00:09]} Qf7 {[%emt 0:00:04]} 46. Qf5 {[%emt 0:00:03]} Qa2 {[%emt 0:00:12]} 47. Qg6 {[%emt 0:00:20]} Rd5 {[%emt 0:00:05]} 48. Ra8+ {[%emt 0:00:46]} 1-0

[Event "NSV Open-ch Rapid 2019"]
[Site "Lueneburg"]
[Date "2019.08.04"]
[Round "6.5"]
[White "Jahncke, Giso"]
[Black "Voege, Tobias"]
[Result "1-0"]
[WhiteElo "2325"]
[BlackElo "2303"]
[Annotator "TA"]
[PlyCount "51"]
[EventDate "2019.08.03"]
[EventType "swiss"]
[EventCountry "GER"]
[SourceTitle "playchess.com"]
[Source "ChessBase"]
[SourceQuality "1"]

{[%evp 9,51,37,54,54,55,49,55,35,35,32,32,29,51,31,69,37,43,41,37,43,43,38,72,63,90,22,162,122,387,389,472,222,243,247,234,238,225,152,136,160,1014,1004,940,929]} 1. d4 d5 2. Nf3 Nc6 3. e3 Bg4 4. Bb5 e6 5. c4 Bb4+ 6. Bd2 {D02: 1 d4 d5 2 Nf3 sidelines, including 2...Nf6 3 g3 and 2...Nf6 3 Bf4} Bxd2+ 7. Nbxd2 Nge7 8. Qa4 $146 {Hoping for Ne5.White is slightly better.} ({Predecessor:} 8. cxd5 exd5 9. Qc2 O-O 10. O-O Qd6 11. Rac1 Bf5 12. Qc5 {1-0 (87) Esen,B (2567)-Kukov,V (2367) Biel 2015}) 8... O-O 9. cxd5 exd5 10. O-O Qd6 11. Rfc1 f5 12. h3 Bxf3 13. Nxf3 f4 {White should prevent ...fxe3.} 14. Re1 fxe3 15. Rxe3 Nf5 16. Re2 Nce7 17. Rae1 ({White should try} 17. Re5 $16) 17... Rf6 (17... Ng6 $11) 18. g4 Ng3 $2 {[%mdl 8192]} (18... Qf4 $16 {is a better defense.} 19. gxf5 Qxf3 20. Rxe7 Qxf5) 19. Rxe7 $18 {Threatens to win with Re8+.} Rxf3 20. Re8+ (20. R1e6 $142 Qf4 21. Re8+ Rxe8 22. Rxe8+ Kf7 23. Qb4 Qc1+ 24. Re1) 20... Rxe8 21. Rxe8+ (21. Bxe8 $2 {is the wrong capture.} c6 $19) 21... Kf7 {[#]} 22. Re5 $1 c6 23. fxg3 Qf6 24. Qc2 cxb5 $2 {[#]} (24... Rxg3+ $16 25. Kh2 Rf3) 25. Kg2 $1 Rf1 26. Qe2 {[%mdl 64] Double Attack. Accuracy: White = 43%, Black = 39%.} 1-0